Sijil penilaian harta tanah kertas soalan peperiksaan akhir sesi 2020/2021 : Semester 1 - Semester 3 : 2020/2021

Bibliographic Details
Corporate Authors: Sijil penilaian harta tanah kertas soalan peperiksaan akhir sesi 2020/2021 : Semester 1 - Semester 3, INSPEN ( Institut Penilaian Negara )
Format: Book
Language:Malay
Subjects:

MARC

LEADER 00000cam a2200000 7i4500
001 0000031028
005 20241224.0
008 241224 my may
040 |a INS   |b eng   |c INS   |e rda 
090 0 0 |a PSPHT 8   |b 2021 
110 1 |a Sijil penilaian harta tanah kertas soalan peperiksaan akhir sesi 2020/2021 : Semester 1 - Semester 3 
245 0 0 |a Sijil penilaian harta tanah kertas soalan peperiksaan akhir sesi 2020/2021 : Semester 1 - Semester 3 :   |b 2020/2021 
264 0 |a Bangi :   |b Institut Penilaian Negara   |c 2021 
300 |a 1 volume (various pagings) :   |b illustrations ;   |c 30 cm. 
336 |a text  |2 rdacontent 
337 |a unmediated  |2 rdamedia 
338 |a volume  |2 rdacarrier 
650 0 |a Certificate in Estate Agency   |x Examinations, question. etc. 
710 1 |a INSPEN ( Institut Penilaian Negara ) 
999 |a PSPHT00010   |b BOOK   |c Question papers   |e Default branch